00470nam a2200193Ia 4500008004100000020001800041050001600059100002100075245003200096245003000128245002400158260001500182260001600197260000900213300001600222300002000238300001000258500000800268170918s9999 xx 000 0 und d a9780590440363 bW893ge 1991 aWoodruff, Elvira aGeorge Washington's socks : ba time travel adventure / cby Elvira Woodruff. aNew York : bScholastic, c1991 a166 pages : billustrations : c19cm. a840